00695nam a2200205Ia 450000100060000000800390000602000220004508200120006724500770007925000120015626000380016830000180020665300120022465300230023665300150025970000390027494200120031395201470032599900170047257965141105n2010 ii |||gr||||Z||||||346 a978-81-237-0703-7 a891.443 0aEkushti Bangla GalpacArunkumar Mukhopadhyya (Editor)hTextual Documents aIst ed. aIndiabNational book Trust,c2010 a200pg:c23cm. aBengali aBengali literature aG- Bengali aMukhopadhyya,Arunkumar ,eEditor., 2ddccBK 001040708General aSKBLbSKBLcG-Bengalid2014-11-05f00000g45.00l0o891.443 Mu 896 Ekp2597/Bengr2024-01-14 00:00:00t1w2014-11-05yBK c57866d57866